<?xml version="1.0" encoding="UTF-8"?>
<collection xmlns="http://www.loc.gov/MARC21/slim">
 <record>
  <leader>01559nam a2200193Ia 4500</leader>
  <controlfield tag="001">CTU_133247</controlfield>
  <controlfield tag="008">210402s9999    xx            000 0 und d</controlfield>
  <datafield tag="020" ind1=" " ind2=" ">
   <subfield code="c">2997000</subfield>
  </datafield>
  <datafield tag="082" ind1=" " ind2=" ">
   <subfield code="a">612.397</subfield>
  </datafield>
  <datafield tag="082" ind1=" " ind2=" ">
   <subfield code="b">T772</subfield>
  </datafield>
  <datafield tag="245" ind1=" " ind2="0">
   <subfield code="a">Trans fatty acids</subfield>
  </datafield>
  <datafield tag="245" ind1=" " ind2="0">
   <subfield code="c">edited by Albert J. Dijkstra, Richard J. Hamilton, Wolf Hamm</subfield>
  </datafield>
  <datafield tag="260" ind1=" " ind2=" ">
   <subfield code="a">Oxford</subfield>
  </datafield>
  <datafield tag="260" ind1=" " ind2=" ">
   <subfield code="b">Blackwell Pub.</subfield>
  </datafield>
  <datafield tag="260" ind1=" " ind2=" ">
   <subfield code="c">2008</subfield>
  </datafield>
  <datafield tag="520" ind1=" " ind2=" ">
   <subfield code="a">Trans fatty acids (TFAs) have long been used to make fats and fat blends more attractive to consumers. However, research has shown TFAs can increase bad blood cholesterol levels while reducing the good. As consumers become more savvy many manufacturers and retailers are now obliged to reduce or eliminate TFAs in the finished product and find alternatives. This collection of nine articles gives researchers and students a good grounding in the science behind TFAs, including their structure, occurrence, nomenclature, biosynthesis and properties, along with information on the epidemiology and health implications of fatty acids, the effects of conjugated linoleic acids on body composition and clinical biomarkers of disease, analysis of trans monounsaturated and polyunsaturated fatty acids, the control of physical and chemical properties of fat blends, trans isoner control in the hydrogenation of edible oils, fractionation and interesterification, fixed applications of FTAs and food products without trans fatty acids</subfield>
  </datafield>
  <datafield tag="650" ind1=" " ind2=" ">
   <subfield code="a">Trans fatty acids,Axít béo</subfield>
  </datafield>
  <datafield tag="904" ind1=" " ind2=" ">
   <subfield code="i">Duy Bằng</subfield>
  </datafield>
  <datafield tag="980" ind1=" " ind2=" ">
   <subfield code="a">Trung tâm Học liệu Trường Đại học Cần Thơ</subfield>
  </datafield>
 </record>
</collection>
